Central-Library-PUMHS

Online Public Access Catalogue

Welcome to PUMHS Central Library Nawabshah, SBA

Exceptional learners an Introduction to Special Education (Record no. 37771)

000 -LEADER
fixed length control field 00227nam a22000977a 4500
082 ## - DEWEY DECIMAL CLASSIFICATION NUMBER
Classification number 615.82 HAL
100 ## - MAIN ENTRY--AUTHOR NAME
Personal name Hallahan
245 ## - TITLE STATEMENT
Title Exceptional learners an Introduction to Special Education
250 ## - EDITION STATEMENT
Edition statement 12th Ed.
942 ## - ADDED ENTRY ELEMENTS (KOHA)
Koha item type Books
Holdings
Withdrawn status Lost status Permanent Location Current Location Shelving location Date acquired Source of acquisition Cost, normal purchase price Full call number Accession Number Koha item type
    Central Library New Campus PUMHS Nawabshah,(SBA) Central Library New Campus PUMHS Nawabshah,(SBA) Physiotherapy 2026-02-27 M/S Allied Book Bill No 25060118 Date 8/8/2025 19417.10 615.82 HAL 40952 Ref Books
    Central Library New Campus PUMHS Nawabshah,(SBA) Central Library New Campus PUMHS Nawabshah,(SBA) Physiotherapy 2026-02-27 M/S Allied Book Bill No 25060118 Date 8/8/2025 19417.10 615.82 HAL 40953 Ref Books

Copyright © 2018,The PUMHSW, Nawabshah, Shaheed Benazirabad. All rights reserved
Mr. Abdul Sattar Mahar (Chief Librarian) PUMHSW, Nawabshah, Sindh, Pakistan 67480.
Ph#: | 0244-9370425 Ext. 2241 Email| librarian@pumhs.edu.pk Web| http://www.pumhs.edu.pk
سنڌي ڪي بورڊ